Унификация классов программы имитационного моделирующего комплекса; Современные техника и технологии; Т. 2

מידע ביבליוגרפי
Parent link:Современные техника и технологии: сборник трудов XV Международной научно-практической конференции студентов, аспирантов и молодых ученых, Томск, 4-8 мая 2009 г/ Национальный исследовательский Томский политехнический университет (ТПУ).— , 2009
Т. 2.— 2009.— [С. 261-262]
מחבר ראשי: Нехожин А. В.
מחברים אחרים: Татаренко Е. И. (научный руководитель)
סיכום:Заглавие с титульного листа
Электронная версия печатной публикации
שפה:רוסית
יצא לאור: 2009
נושאים:
גישה מקוונת:http://www.lib.tpu.ru/fulltext/c/2009/C01/V2/132.pdf
פורמט: אלקטרוני Book Chapter
KOHA link:https://koha.lib.tpu.ru/cgi-bin/koha/opac-detail.pl?biblionumber=246465

MARC

LEADER 00000naa2a2200000 4500
001 246465
005 20260116094036.0
035 |a (RuTPU)RU\TPU\book\267916 
035 |a RU\TPU\book\267914 
090 |a 246465 
100 |a 20131204d2009 k y0rusy50 ca 
101 0 |a rus 
102 |a RU 
135 |a drnn ---uucaa 
181 0 |a i  
182 0 |a b 
200 1 |a Унификация классов программы имитационного моделирующего комплекса  |f А. В. Нехожин  |g науч. рук. Е. И. Татаренко 
203 |a Текст  |c электронный 
215 |a 1 файл (766 Кб) 
300 |a Заглавие с титульного листа 
300 |a Электронная версия печатной публикации 
337 |a Adobe Reader 
461 0 |0 (RuTPU)RU\TPU\book\261117  |t Современные техника и технологии  |o сборник трудов XV Международной научно-практической конференции студентов, аспирантов и молодых ученых, Томск, 4-8 мая 2009 г  |o в 3 т.  |f Национальный исследовательский Томский политехнический университет (ТПУ)  |d 2009 
463 0 |0 (RuTPU)RU\TPU\book\266450  |t Т. 2  |v [С. 261-262]  |d 2009 
610 1 |a электронный ресурс 
610 1 |a моделирующие комплексы 
610 1 |a имитационное моделирование 
610 1 |a программы 
610 1 |a унификация 
700 0 |a Нехожин  |b А. В. 
702 1 |a Татаренко  |b Е. И.  |4 727 
801 1 |a RU  |b 63413507  |c 20130617 
801 2 |a RU  |b 63413507  |c 20131204  |g RCR 
856 4 |u http://www.lib.tpu.ru/fulltext/c/2009/C01/V2/132.pdf 
942 |c CF